Malaysian Technical Cooperation Programme : International Certificate Couse in Property Tax Management (13 September - 23 Oktober 1993)

Bibliographic Details
Format: Book
Subjects:

MARC

LEADER 00000cam a2200000 7i4500
001 0000005922
005 20000510.0
040 |a INS 
090 0 0 |a MTCP 6 
245 0 0 |a Malaysian Technical Cooperation Programme :   |b International Certificate Couse in Property Tax Management (13 September - 23 Oktober 1993) 
650 0 0 |a Malaysian Technical Cooperation Programme 
999 |a MTCP000006   |b BOOK   |c Course Notes   |e Default branch 
999 |a MTCP000190   |b BOOK   |c Course Notes   |e Default branch